000 00354nam a2200133 4500
005 20260530115310.0
100 1 _aMartin M P{egler
_932742
245 1 0 _aEntertaiment Dining
264 1 _bVisual Reference Publications Inc NY
_c1999
300 _a178 páginas
336 _atexto
_2rdacontent
337 _asin medio
_2rdamedia
338 _avolumen
_2rdacarrier
999 _c13328
_d13328